| 000 | 01070nam1a22002291i 4500 | ||
|---|---|---|---|
| 001 | rc\2939802 | ||
| 005 | 20240723215311.0 | ||
| 035 | _a(NLR Aleph) 007088662 | ||
| 090 |
_a6550989 _c6550989 |
||
| 100 | _a20110824d1933 |||y0rusy50 ca | ||
| 101 | 0 | _arus | |
| 102 | _aRU | ||
| 105 | _ay j ||||| | ||
| 200 | 1 |
_aАналитическая геометрия _eКонцентр 1... _eДопущено в качестве учебника к переизд. в 1933 г. Наркомпросом РСФСР _fпроф. С.С. Бюшгенс _gМоск. гос. ун-т. Заочный сектор |
|
| 210 |
_aМосква _aЛенинград _cГос. техн.-теорет. изд-во _d1933 _eЛенинград _gтип. "Кр. печатник" |
||
| 215 | _d22х15 см | ||
| 702 | 1 |
_aБюшгенс _bС.С. _gСергей Сергеевич _4570 |
|
| 710 | 0 | 2 |
_aМосковский университет им. М.В. Ломоносова _bЗаочный сектор |
| 801 | 0 |
_aRU _bNLR _gpsbo |
|
| 801 | 1 |
_aRU _bELAR _2rusmarc |
|
| 852 |
_aNLR _j34-18/87(2) |
||
| 942 | _cBOOK | ||